banner-ar

مقاييس البلاغيين فى فصاحة الكلمة / (Record no. 37698)

MARC details
000 -الفاتح
حقل البيانات ثابتة الطول 00563nam a2200181Ia 4500
008 - عناصر البيانات ثابتة الطول - معلومات عامة
حقل البيانات ثابتة الطول 140319s9999 xx 000 0 ara d
040 ## - مصدر الفهرسة
وكالة الفهرسة الأصلية GCL /
وكالة النسخ GCL
082 04 - رقم تصنيف ديوى العشرى
رقم التصنيف 414
رقم المادة ش م
100 1# - المدخل الرئيسى - إسم شخصى
الإسم الشخصى الشحات محمد ابوستيت
245 10 - بيان العنوان
العنوان مقاييس البلاغيين فى فصاحة الكلمة /
بيان المسئوليه,etc الشحات محمد ابوستيت
300 ## - الوصف المادى
التعداد 134 ص
490 ## - بيان السلسلة
عنوان السلسلة
650 04 - المدخل الاضافى بالموضوع-مصطلح موضوعى
مصطلح موضوعي البلاغة العربية
650 04 - المدخل الاضافى بالموضوع-مصطلح موضوعى
مصطلح موضوعي اللغويون العرب
650 04 - المدخل الاضافى بالموضوع-مصطلح موضوعى
مصطلح موضوعي اللغة العربية - الالفاظ
942 ## - عناصر المدخل الإضافي( كوها)
مصدر التصنيف او مخطط الترفيف Dewey Decimal Classification
Koha [default] item type كتاب
Holdings
حالة التراجع حالة الفقد حالة تلف ليس للاعارة المكان المؤقت الموقع الحالى تاريخ الاكتساب اجمالي اﻻعارات رقم الطلب الباركود تاريخ اخر مشاهدة تاريخ تفعيل السعر نوع وعاء كوها
        مكتبة القاهرة الكبرى مكتبة القاهرة الكبرى 03/26/2014   414\ش م 92053 03/26/2014 03/26/2014 كتاب
        مكتبة القاهرة الكبرى مكتبة القاهرة الكبرى 03/26/2014   414\ش م 92054 03/26/2014 03/26/2014 كتاب

Powered By

EGPV